000 02503nam a2200361Ia 4500
999 _c54132
_d54132
001 21187
003 GE_BSU
005 20210719174314.0
008 181216s ||||ge |||||||||||||| ||geo||
020 _a9789941131226
040 _cGE_BSU
041 _ageo
080 _a338.22 მ-63
245 _aმეწარმეობის თეორიული საფუძვლები ნაწ.1-2 = Fundamentals of entrepreneurship :
_bდამხმ. სახელმძღვ. ნაწ.1-2 /
_cჯოზეფ ჰასიდი, ალექსის-სტეფანოს კომსელისი, რევაზ გველესიანი, ელგუჯა მექვაბიშვილი, გაგნიძე ინეზა, ლეკვეიშვილი ეკა, ნაცვალაძე მარინა ; რედ. : რევაზ გველესიანი, ჯამლეტ ჯანჯღავა.
264 _aთბილისი :
_bთბილისის უნივერსიტეტის გამ-ბა,
_c2009.
300 _a159 გვ. :
_b4 ფოტო პორტ. ;
_c20 სმ.
504 _aბიბლიოგრაფია გვ. 152
541 _h14ლ.45თ.
653 _aეკონომიკა
653 _aმეწარმეობა
653 _aბიზნესი
700 _aჰასიდი, ჯოზეფ
_eავტორი
_912284
700 _aკომსელისი, ალექსის-სტეფანოს
_eავტორი
_912285
700 _aგველესიანი, რევაზ
_eავტორი
_93195
700 _aმექვაბიშვილი, ელგუჯა
_eავტორი
_912286
700 _aგაგნიძე, ინეზა
_eავტორი
_912287
700 _aლეკვეიშვილი, ეკა
_eავტორი
_912288
700 _aნაცვალაძე, მარინა
_eავტორი
_912289
700 _aგველესიანი, რევაზ
_eრედაქტორი
_93195
700 _aჯანჯღავა, ჯამლეტ
_eრედაქტორი
_912290
710 _aივანე ჯავახიშვილის სახელობის თბილისის სახელმწიფო უნივერსიტეტი.ტი
_910231
942 _cBK
_2udc